[Event "1. Bundesliga 2017/2018"]
[Site "Grieskirchen"]
[Date "2018.01.19"]
[Round "6"]
[Board "2"]
[White "Bromberger, Stefan"]
[Black "Banusz, Tamas"]
[Result "1/2-1/2"]
[WhiteElo "2479"]
[BlackElo "2617"]
[PlyCount "60"]
[EventDate "2017.11.16"]
[EventType "team"]
[EventRounds "11"]
[EventCountry "AUT"]
[WhiteTeam "SIR Royal Salzburg"]
[BlackTeam "mpimmo Wien - SK Ottakring"]

1.e4 c5 2.Nf3 Nc6 3.d4 cxd4 4.Nxd4 Nf6 5.Nc3 e5 6.Ndb5 d6 7.Bg5 a6 8.Na3 b5 9.Nd5
Be7 10.Bxf6 Bxf6 11.c3 Bg5 12.Nc2 Rb8 13.a4 bxa4 14.Ncb4 Nxb4 15.cxb4 O-O 16.Rxa4
a5 17.b5 Bd7 18.Nc3 d5 19.Nxd5 Be7 20.Qd2 Bxb5 21.Bxb5 Rxb5 22.Nxe7+ Qxe7 23.Rxa5
Qb7 24.O-O Rxa5 25.Qxa5 Qxb2 26.Qa1 Qxa1 27.Rxa1 Rd8 28.g3 f6 29.Kg2 Rd7 30.h4 h5 1/2-1/2

[Event "1. Bundesliga 2017/2018"]
[Site "Grieskirchen"]
[Date "2018.01.19"]
[Round "6"]
[Board "3"]
[White "Papp, Gabor"]
[Black "Seyb, Alexander"]
[Result "1/2-1/2"]
[WhiteElo "2614"]
[BlackElo "2395"]
[PlyCount "146"]
[EventDate "2017.11.16"]
[EventType "team"]
[EventRounds "11"]
[EventCountry "AUT"]
[WhiteTeam "mpimmo Wien - SK Ottakring"]
[BlackTeam "SIR Royal Salzburg"]

1.e4 e5 2.Nf3 Nf6 3.Nxe5 d6 4.Nf3 Nxe4 5.Nc3 Nxc3 6.dxc3 Be7 7.Be3 O-O 8.Qd2 Nd7 9.O-O-O
c6 10.Kb1 d5 11.c4 Nb6 12.cxd5 Nxd5 13.Bg5 Bg4 14.Bxe7 Qxe7 15.Re1 Qb4 16.Qxb4 Nxb4
17.a3 Bxf3 18.axb4 Bd5 19.f3 Rfe8 20.Bd3 Kf8 21.Rxe8+ Rxe8 22.c4 Be6 23.Kc2 Ke7 24.Ra1
a6 25.Kc3 Kd6 26.Rd1 Kc7 27.f4 Bc8 28.Rf1 f6 29.Rf3 h6 30.h3 Re7 31.Kd2 Bd7 32.Rg3
Kd8 33.f5 Ke8 34.Rg4 Kd8 35.Rd4 Re5 36.Rf4 Ke7 37.Rf1 Kd8 38.Kc3 Ke7 39.Kd4 Kd6 40.c5+
Ke7 41.g4 Be8 42.Rf4 Bf7 43.Re4 Rxe4+ 44.Bxe4 Kd7 45.Ke3 Ke7 46.Kf4 Bb3 47.Bf3 Bf7
48.Be2 Bb3 49.Bf1 Kf7 50.Ke4 Ke7 51.Kd4 Kd7 52.Bc4 Bxc4 53.Kxc4 Ke7 54.Kc3 Kf7 55.Kd4
Ke7 56.Ke4 Kf7 57.Kf4 Ke7 58.Kg3 Kf7 59.Kh4 Ke7 60.Kh5 Kf7 61.h4 Kf8 62.Kg6 Kg8 63.g5
hxg5 64.hxg5 fxg5 65.Kxg5 Kf7 66.Kf4 Kf6 67.Ke4 Kf7 68.Ke5 Ke7 69.b3 Kd7 70.f6 gxf6+
71.Kxf6 Kd8 72.Ke6 Ke8 73.Kd6 Kd8 1/2-1/2

[Event "1. Bundesliga 2017/2018"]
[Site "Grieskirchen"]
[Date "2018.01.19"]
[Round "6"]
[Board "4"]
[White "Hilverda, Alexander"]
[Black "Stohl, Igor"]
[Result "0-1"]
[WhiteElo "2368"]
[BlackElo "2497"]
[PlyCount "98"]
[EventDate "2017.11.16"]
[EventType "team"]
[EventRounds "11"]
[EventCountry "AUT"]
[WhiteTeam "SIR Royal Salzburg"]
[BlackTeam "mpimmo Wien - SK Ottakring"]

1.d4 Nf6 2.c4 e6 3.g3 c5 4.d5 exd5 5.cxd5 d6 6.Nc3 g6 7.Bg2 Bg7 8.Nf3 O-O 9.O-O Re8
10.Bf4 Bf5 11.Nh4 Bg4 12.h3 Nh5 13.Bc1 Bd7 14.a4 Na6 15.e4 Nb4 16.Nf5 gxf5 17.Qxh5
Qf6 18.Bg5 Qg6 19.Qxg6 fxg6 20.exf5 gxf5 21.Rad1 c4 22.Bf4 Nd3 23.Bxd6 Nxb2 24.Rc1
Nd3 25.Rc2 Ne1 26.Rc1 Nd3 27.Rc2 Ne1 28.Rc1 Nxg2 29.Kxg2 Bxc3 30.Rxc3 Bxa4 31.Rxc4
Bb5 32.Rc7 Bxf1+ 33.Kxf1 Red8 34.Be7 Rxd5 35.Rxb7 a5 36.g4 a4 37.Rb2 a3 38.Ra2 Rd3
39.Kg2 Kf7 40.Bc5 Ra4 41.gxf5 Kf6 42.f3 Kxf5 43.Kg3 Ke6 44.h4 h5 45.Bf8 Rg4+ 46.Kh2
Rxh4+ 47.Kg2 Ra4 48.Bg7 Kd5 49.Bh8 Ra8 0-1

[Event "1. Bundesliga 2017/2018"]
[Site "Grieskirchen"]
[Date "2018.01.19"]
[Round "6"]
[Board "5"]
[White "Schneider-Zinner, Harald"]
[Black "Klek, Hanna Marie"]
[Result "1-0"]
[WhiteElo "2408"]
[BlackElo "2327"]
[PlyCount "97"]
[EventDate "2017.11.16"]
[EventType "team"]
[EventRounds "11"]
[EventCountry "AUT"]
[WhiteTeam "mpimmo Wien - SK Ottakring"]
[BlackTeam "SIR Royal Salzburg"]

1.d4 d5 2.c4 e6 3.Nc3 Bb4 4.Nf3 Nf6 5.Bg5 h6 6.Bxf6 Qxf6 7.e3 O-O 8.Rc1 Rd8 9.Qb3
c5 10.dxc5 Nc6 11.a3 Ba5 12.Be2 d4 13.exd4 Nxd4 14.Nxd4 Qxd4 15.Qc2 Bxc3+ 16.Qxc3
Qxc5 17.O-O Bd7 18.b4 Qe7 19.Bf3 Bc6 20.Rfd1 Rac8 21.c5 Qe8 22.h3 Bxf3 23.Qxf3 Qb5
24.Rb1 Rxd1+ 25.Rxd1 a5 26.Qd3 Qc6 27.Rc1 axb4 28.axb4 Qc7 29.b5 Rd8 30.Qc4 Rd5 31.c6
g6 32.Qb4 bxc6 33.bxc6 Kg7 34.g3 h5 35.Qc3+ Kh7 36.Rb1 Rf5 37.Rb7 Qd8 38.Qc2 Qc8 39.c7
Qxb7 40.c8=Q Qb6 41.Q8c3 Qb7 42.Qd4 Rd5 43.Qf4 Rf5 44.Qe3 Rb5 45.Kh2 Rb2 46.Qcc3 h4
47.Qed4 hxg3+ 48.Kxg3 Qb8+ 49.f4 1-0

[Event "1. Bundesliga 2017/2018"]
[Site "Grieskirchen"]
[Date "2018.01.19"]
[Round "6"]
[Board "6"]
[White "Durakovic, Alman"]
[Black "Blohberger, Felix"]
[Result "0-1"]
[WhiteElo "2279"]
[BlackElo "2429"]
[PlyCount "75"]
[EventDate "2017.11.16"]
[EventType "team"]
[EventRounds "11"]
[EventCountry "AUT"]
[WhiteTeam "SIR Royal Salzburg"]
[BlackTeam "mpimmo Wien - SK Ottakring"]

1.d4 Nf6 2.c4 e6 3.Nc3 Bb4 4.Qc2 b6 5.e4 c5 6.a3 Bxc3+ 7.bxc3 Bb7 8.Bd3 b5 9.Rb1 cxd4
10.cxd4 bxc4 11.Rxb7 cxd3 12.Qxd3 O-O 13.Ne2 Qc8 14.Rb1 Qa6 15.Qe3 Nc6 16.O-O Rab8
17.Bd2 d5 18.e5 Nd7 19.Rbc1 Rfc8 20.Ng3 Qa4 21.Qf4 Nf8 22.h3 Qxd4 23.Qxd4 Nxd4 24.Be3
Nc6 25.Bc5 Nxe5 26.Bxa7 Ra8 27.Rxc8 Rxc8 28.Ra1 Ra8 29.Bd4 Nc4 30.a4 Nd7 31.f4 f6
32.Rb1 Nd6 33.Ra1 Kf7 34.Bc3 Nc4 35.a5 Nc5 36.f5 e5 37.Rb1 Nxa5 38.Rb5 0-1

[Event "1. Bundesliga 2017/2018"]
[Site "Grieskirchen"]
[Date "2018.01.19"]
[Round "6"]
[Board "1"]
[White "Bindrich, Falko"]
[Black "Bayer, Bernhard"]
[Result "1-0"]
[WhiteElo "2588"]
[BlackElo "2425"]
[PlyCount "92"]
[EventDate "2017.11.16"]
[EventType "team"]
[EventRounds "11"]
[EventCountry "AUT"]
[WhiteTeam "SK Hohenems"]
[BlackTeam "Schachklub Absam"]

1.Nf3 d5 2.d4 Nf6 3.c4 c6 4.e3 e6 5.b3 Nbd7 6.Bb2 Bd6 7.Bd3 Ne4 8.O-O O-O 9.Nbd2 f5
10.Ne5 Nxe5 11.dxe5 Bb4 12.Nf3 Bd7 13.a3 Ba5 14.Qe2 Qe7 15.b4 Bc7 16.Ne1 a5 17.Nc2
Ra7 18.f3 Ng5 19.Bd4 b6 20.c5 Rb8 21.Qd2 Qd8 22.cxb6 Bxb6 23.Qc3 Rba8 24.Rfc1 Qc7
25.Rab1 Nf7 26.f4 Nd8 27.h3 g6 28.Kh2 Kf7 29.Qe1 axb4 30.axb4 Kg8 31.Qh4 Nf7 32.Qf6
Qb8 33.Qh4 Ra2 34.Kh1 Bd8 35.Qe1 Be7 36.Qc3 Bd8 37.Bc5 Bc7 38.Ra1 Nd8 39.Rxa2 Rxa2
40.Qb3 Qa8 41.b5 Ra5 42.Bb4 Ra7 43.Bc5 Ra5 44.b6 Bb8 45.Bb4 Ra4 46.Qc3 Qb7 1-0

[Event "1. Bundesliga 2017/2018"]
[Site "Grieskirchen"]
[Date "2018.01.19"]
[Round "6"]
[Board "2"]
[White "Lehner, Oliver"]
[Black "Martinovic, Sasa"]
[Result "1/2-1/2"]
[WhiteElo "2402"]
[BlackElo "2594"]
[PlyCount "47"]
[EventDate "2017.11.16"]
[EventType "team"]
[EventRounds "11"]
[EventCountry "AUT"]
[WhiteTeam "Schachklub Absam"]
[BlackTeam "SK Hohenems"]

1.Nf3 d5 2.d4 e6 3.c4 a6 4.cxd5 exd5 5.Nc3 Nf6 6.Bf4 Bd6 7.Bg5 Be6 8.e3 Nbd7 9.Bd3
h6 10.Bf4 Qe7 11.Bxd6 Qxd6 12.h3 O-O 13.Qc2 Rac8 14.O-O c5 15.dxc5 Nxc5 16.Rad1 b5
17.Qb1 Qb6 18.Nd4 Rfe8 19.Nce2 Bd7 20.Nf4 Ne6 21.Nfe2 Nc5 22.Nf4 Ne6 23.Nfe2 Nc5 24.Nf4 1/2-1/2

[Event "1. Bundesliga 2017/2018"]
[Site "Grieskirchen"]
[Date "2018.01.19"]
[Round "6"]
[Board "3"]
[White "Rozentalis, Eduardas"]
[Black "Wegerle, Joerg"]
[Result "1/2-1/2"]
[WhiteElo "2518"]
[BlackElo "2421"]
[PlyCount "87"]
[EventDate "2017.11.16"]
[EventType "team"]
[EventRounds "11"]
[EventCountry "AUT"]
[WhiteTeam "SK Hohenems"]
[BlackTeam "Schachklub Absam"]

1.e4 e5 2.Nf3 Nf6 3.Nxe5 d6 4.Nf3 Nxe4 5.Bd3 Nf6 6.h3 Be7 7.O-O O-O 8.c3 c5 9.Bc2
Nc6 10.d4 Be6 11.Re1 Bd5 12.Bg5 Bxf3 13.Qxf3 cxd4 14.Qd3 g6 15.cxd4 Nb4 16.Qd2 Nxc2
17.Qxc2 Nd5 18.Bxe7 Nxe7 19.Nc3 Rc8 20.Qe4 Rc7 21.Qf4 d5 22.h4 Rd7 23.h5 Nf5 24.Re5
f6 25.Re2 Qb6 26.Rd1 Qd6 27.Qg4 Kf7 28.a3 Rfd8 29.Rd3 Re7 30.Rh3 Kg7 31.hxg6 hxg6
32.Rxe7+ Qxe7 33.Ne2 Nh6 34.Qf4 g5 35.Re3 Qd7 36.Qf3 Nf5 37.Rc3 Re8 38.Rc1 Re4 39.Ng3
Nxg3 40.Qxg3 Kg6 41.Qb8 Qe6 42.Qxb7 Re1+ 43.Rxe1 Qxe1+ 44.Kh2 1/2-1/2

[Event "1. Bundesliga 2017/2018"]
[Site "Grieskirchen"]
[Date "2018.01.19"]
[Round "6"]
[Board "4"]
[White "Deglmann, Ludwig"]
[Black "Baldauf, Marco"]
[Result "1/2-1/2"]
[WhiteElo "2278"]
[BlackElo "2481"]
[PlyCount "54"]
[EventDate "2017.11.16"]
[EventType "team"]
[EventRounds "11"]
[EventCountry "AUT"]
[WhiteTeam "Schachklub Absam"]
[BlackTeam "SK Hohenems"]

1.d4 Nf6 2.c4 g6 3.Nc3 d5 4.Nf3 Bg7 5.Qb3 dxc4 6.Qxc4 Be6 7.Qa4+ Bd7 8.Qb3 c5 9.e3
cxd4 10.exd4 O-O 11.Be2 Nc6 12.O-O Na5 13.Qa3 Be6 14.Bg5 h6 15.Bf4 Nc4 16.Bxc4 Bxc4
17.Rfe1 e6 18.Bd6 Re8 19.Ne5 Ba6 20.Rad1 Rc8 21.Bc5 Bf8 22.b4 Nd5 23.Ne4 Rc7 24.Qa5
Rc8 25.Qa3 Rc7 26.Qa5 Rc8 27.Qa3 Rc7 1/2-1/2

[Event "1. Bundesliga 2017/2018"]
[Site "Grieskirchen"]
[Date "2018.01.19"]
[Round "6"]
[Board "5"]
[White "Atlas, Valery"]
[Black "De Francesco, Klaus"]
[Result "1/2-1/2"]
[WhiteElo "2456"]
[BlackElo "2295"]
[PlyCount "60"]
[EventDate "2017.11.16"]
[EventType "team"]
[EventRounds "11"]
[EventCountry "AUT"]
[WhiteTeam "SK Hohenems"]
[BlackTeam "Schachklub Absam"]

1.e4 e6 2.d4 d5 3.Nc3 Nf6 4.e5 Nfd7 5.f4 c5 6.Nce2 Nc6 7.c3 Qb6 8.Nf3 f6 9.a3 Be7
10.h4 O-O 11.b4 cxd4 12.cxd4 Qc7 13.Rb1 b5 14.Nc3 Ncxe5 15.Nxb5 Nxf3+ 16.Qxf3 Qb8
17.Bd3 Bb7 18.Qh5 f5 19.Qe2 Rf6 20.O-O a6 21.Nc3 Qd6 22.Na4 Rh6 23.Nc5 Bc8 24.Rf3
Nf6 25.Qe5 Rxh4 26.Qxd6 Bxd6 27.Rb2 Rg4 28.Be2 Rg6 29.Rh3 Ne4 30.Rc2 Ng3 1/2-1/2

[Event "1. Bundesliga 2017/2018"]
[Site "Grieskirchen"]
[Date "2018.01.19"]
[Round "6"]
[Board "6"]
[White "Gerhold, Michael"]
[Black "Baenziger, Fabian"]
[Result "1/2-1/2"]
[WhiteElo "2254"]
[BlackElo "2365"]
[PlyCount "25"]
[EventDate "2017.11.16"]
[EventType "team"]
[EventRounds "11"]
[EventCountry "AUT"]
[WhiteTeam "Schachklub Absam"]
[BlackTeam "SK Hohenems"]

1.Nf3 Nf6 2.c4 d6 3.d4 Nbd7 4.Nc3 g6 5.e4 e5 6.Be2 Bg7 7.O-O O-O 8.Be3 Ng4 9.Bg5 Bf6
10.Bc1 Bg7 11.Bg5 Bf6 12.Bc1 Bg7 13.Bg5 1/2-1/2

[Event "1. Bundesliga 2017/2018"]
[Site "Grieskirchen"]
[Date "2018.01.19"]
[Round "6"]
[Board "1"]
[White "Ragger, Markus"]
[Black "Huschenbeth, Niclas"]
[Result "1-0"]
[WhiteElo "2673"]
[BlackElo "2560"]
[PlyCount "131"]
[EventDate "2017.11.16"]
[EventType "team"]
[EventRounds "11"]
[EventCountry "AUT"]
[WhiteTeam "SC MPOE Maria Saal"]
[BlackTeam "Schachclub Sparkasse Goetzis"]

1.d4 Nf6 2.c4 e6 3.Nf3 a6 4.Nc3 d5 5.cxd5 exd5 6.Bg5 Be6 7.e3 Nbd7 8.Bd3 Bd6 9.O-O
c6 10.Bf4 Qc7 11.Bxd6 Qxd6 12.h3 O-O 13.Qc2 Rfe8 14.Rac1 g6 15.Na4 a5 16.Nc5 Qc7 17.b3
Nxc5 18.dxc5 Bd7 19.Rfd1 Nh5 20.Qb2 Ng7 21.a3 Bf5 22.b4 axb4 23.axb4 Bxd3 24.Rxd3
Ne6 25.Ra1 Qe7 26.Rda3 Rxa3 27.Rxa3 Nc7 28.Nd4 Qe5 29.Ra7 Nb5 30.Rxb7 Nxd4 31.Qxd4
Qxd4 32.exd4 Re4 33.b5 cxb5 34.c6 Re1+ 35.Kh2 Rc1 36.Rxb5 Rxc6 37.Rxd5 Rc3 38.g4 Rd3
39.Kg2 Kf8 40.g5 Ke7 41.Re5+ Kd6 42.Re4 Kd5 43.Re7 Rxd4 44.Rxf7 h5 45.Rd7+ Ke5 46.Rxd4
Kxd4 47.Kf3 Kd3 48.h4 Kd4 49.Kf4 Kd5 50.Ke3 Ke5 51.f4+ Kd5 52.Kd3 Kd6 53.Kd4 Ke6 54.Ke4
Kd6 55.f5 Ke7 56.fxg6 Kf8 57.Ke5 Kg8 58.Ke6 Kg7 59.Kf5 Kg8 60.Kf6 Kf8 61.g7+ Kg8 62.Ke6
Kh7 63.g8=Q+ Kxg8 64.Kf6 Kh7 65.Kf7 Kh8 66.Kg6 1-0

[Event "1. Bundesliga 2017/2018"]
[Site "Grieskirchen"]
[Date "2018.01.19"]
[Round "6"]
[Board "2"]
[White "Krassowizkij, Jaroslaw"]
[Black "Predojevic, Borki"]
[Result "0-1"]
[WhiteElo "2442"]
[BlackElo "2640"]
[PlyCount "76"]
[EventDate "2017.11.16"]
[EventType "team"]
[EventRounds "11"]
[EventCountry "AUT"]
[WhiteTeam "Schachclub Sparkasse Goetzis"]
[BlackTeam "SC MPOE Maria Saal"]

1.d4 Nf6 2.c4 e6 3.Nc3 Bb4 4.Qc2 O-O 5.a3 Bxc3+ 6.Qxc3 d6 7.g3 Bd7 8.Bg2 Bc6 9.Nf3
a5 10.O-O a4 11.Bg5 h6 12.Bxf6 Qxf6 13.Rac1 Be4 14.Qe3 Bh7 15.Rfd1 c6 16.c5 d5 17.Ne5
Qd8 18.Nd3 Nd7 19.Rc3 Qc7 20.Qf4 Qxf4 21.gxf4 Bxd3 22.Rdxd3 Rfb8 23.e3 Kf8 24.Bf1
Ke7 25.b4 axb3 26.Rxb3 b6 27.cxb6 c5 28.Rdc3 c4 29.Rb4 Nxb6 30.e4 Na4 31.Re3 Kd6 32.f5
exf5 33.exd5 Rxb4 34.axb4 Nb6 35.Rc3 Ra1 36.Kg2 Kxd5 37.Re3 Kxd4 38.Re7 Nd5 0-1

[Event "1. Bundesliga 2017/2018"]
[Site "Grieskirchen"]
[Date "2018.01.19"]
[Round "6"]
[Board "3"]
[White "Naumann, Alexander"]
[Black "Walter, Stefan"]
[Result "1/2-1/2"]
[WhiteElo "2551"]
[BlackElo "2405"]
[PlyCount "135"]
[EventDate "2017.11.16"]
[EventType "team"]
[EventRounds "11"]
[EventCountry "AUT"]
[WhiteTeam "SC MPOE Maria Saal"]
[BlackTeam "Schachclub Sparkasse Goetzis"]

1.e4 e5 2.Nf3 Nc6 3.d4 exd4 4.Nxd4 Nf6 5.Nxc6 bxc6 6.e5 Qe7 7.Qe2 Nd5 8.h4 Bb7 9.c4
Nb6 10.Rh3 Qe6 11.f4 Bb4+ 12.Bd2 c5 13.Nc3 O-O-O 14.a3 Bxc3 15.Rxc3 d6 16.O-O-O Rhe8
17.g4 dxe5 18.g5 Kb8 19.fxe5 Rd4 20.Be1 Qxe5 21.Qxe5 Rxe5 22.Bg3 Re7 23.Bf2 Rxd1+
24.Kxd1 Nd7 25.Bh3 Bc6 26.Rd3 Kb7 27.Re3 Rxe3 28.Bxe3 Bf3+ 29.Kd2 Ne5 30.Kc3 Ng6 31.Bf2
a5 32.Bf5 Kc6 33.Bg3 Nf8 34.Be5 g6 35.Bc2 Kb6 36.Bf4 Ne6 37.Be3 Kc6 38.Ba4+ Kd6 39.Bf2
Bc6 40.Bg3+ Kd7 41.Bd1 Be4 42.Be5 Nd8 43.Kd2 Nb7 44.Ke3 Bf5 45.Ba4+ Kc8 46.Bc3 Be6
47.Kf4 Kd8 48.Bc6 Nd6 49.Bxa5 Nxc4 50.Bc3 Ke7 51.Be5 Bd7 52.Bf3 Ke6 53.Bc3 Ba4 54.Be2
Nd6 55.Ba5 c6 56.Bc7 Nf5 57.Bc4+ Kd7 58.Be5 Nxh4 59.Bxf7 Nf5 60.Bf6 Bc2 61.Ke5 Kc7
62.Bc4 h6 63.gxh6 Nxh6 64.Be7 Ng4+ 65.Kf4 Nf2 66.Bxc5 Nd3+ 67.Bxd3 Bxd3 68.a4 1/2-1/2

[Event "1. Bundesliga 2017/2018"]
[Site "Grieskirchen"]
[Date "2018.01.19"]
[Round "6"]
[Board "4"]
[White "Kessler, Luca"]
[Black "Buhmann, Rainer"]
[Result "0-1"]
[WhiteElo "2416"]
[BlackElo "2589"]
[PlyCount "52"]
[EventDate "2017.11.16"]
[EventType "team"]
[EventRounds "11"]
[EventCountry "AUT"]
[WhiteTeam "Schachclub Sparkasse Goetzis"]
[BlackTeam "SC MPOE Maria Saal"]

1.e4 e6 2.Qe2 Be7 3.Nf3 d5 4.d3 Nf6 5.g3 c5 6.Bg2 O-O 7.O-O b5 8.e5 Nfd7 9.h4 Nc6
10.Bf4 Bb7 11.c3 a5 12.Nbd2 a4 13.a3 b4 14.c4 Nb6 15.Rfd1 Rb8 16.b3 Ra8 17.Bg5 h6
18.Bxe7 Qxe7 19.axb4 Nxb4 20.bxa4 Nxa4 21.Nb1 Rfd8 22.Ra3 Bc6 23.Nc3 Nxc3 24.Rxc3
Ra2 25.Qf1 d4 26.Rb3 Ba4 0-1

[Event "1. Bundesliga 2017/2018"]
[Site "Grieskirchen"]
[Date "2018.01.19"]
[Round "6"]
[Board "5"]
[White "Halvax, Georg"]
[Black "Kvetny, Mark"]
[Result "1-0"]
[WhiteElo "2434"]
[BlackElo "2403"]
[PlyCount "85"]
[EventDate "2017.11.16"]
[EventType "team"]
[EventRounds "11"]
[EventCountry "AUT"]
[WhiteTeam "SC MPOE Maria Saal"]
[BlackTeam "Schachclub Sparkasse Goetzis"]

1.e4 c5 2.Nf3 Nc6 3.Nc3 e5 4.Bc4 Be7 5.d3 d6 6.Nd2 Nf6 7.Nf1 Nd7 8.Ne3 Nb6 9.Ncd5
O-O 10.O-O Bg5 11.c3 Bxe3 12.Bxe3 Be6 13.Nxb6 axb6 14.Bxe6 fxe6 15.d4 exd4 16.cxd4
cxd4 17.Bxd4 d5 18.exd5 exd5 19.Qg4 Rf7 20.Rfd1 Ra4 21.Rd2 Qe8 22.Qd1 Re7 23.Be3 Rb4
24.a3 Rb5 25.b4 d4 26.Bxd4 Nxd4 27.Rxd4 Rbe5 28.Qb3+ Kh8 29.h3 Qb8 30.Qg3 h6 31.Rad1
Qg8 32.Kh2 Qe6 33.Rd6 Qa2 34.Rd8+ Kh7 35.Rf8 Qe2 36.Rdd8 Rg5 37.Qb3 Re6 38.Qb1+ Qe4
39.Rh8+ Kg6 40.Qxe4+ Rxe4 41.Rd6+ Kh5 42.g4+ Kh4 43.Rhxh6+ 1-0

[Event "1. Bundesliga 2017/2018"]
[Site "Grieskirchen"]
[Date "2018.01.19"]
[Round "6"]
[Board "6"]
[White "De Visser, Leon"]
[Black "Kreisl, Robert"]
[Result "1/2-1/2"]
[WhiteElo "2243"]
[BlackElo "2406"]
[PlyCount "120"]
[EventDate "2017.11.16"]
[EventType "team"]
[EventRounds "11"]
[EventCountry "AUT"]
[WhiteTeam "Schachclub Sparkasse Goetzis"]
[BlackTeam "SC MPOE Maria Saal"]

1.c4 e6 2.g3 d5 3.Nf3 Nf6 4.Bg2 dxc4 5.Qa4+ Bd7 6.Qxc4 c5 7.Ne5 Qc8 8.O-O Nc6 9.Nxd7
Qxd7 10.Nc3 Rc8 11.d3 Nd4 12.a4 Be7 13.e3 Nc6 14.Rd1 O-O 15.a5 Rfd8 16.a6 Ne5 17.Qb5
Qxb5 18.Nxb5 bxa6 19.Nxa7 Rc7 20.Rxa6 Rxd3 21.Re1 Rcd7 22.Nc6 Nxc6 23.Rxc6 h6 24.h3
Rd8 25.e4 Nd7 26.Bf4 g5 27.Bc7 Rc8 28.e5 Nb8 29.Rb6 Rxc7 30.Rxb8+ Kg7 31.Re2 c4 32.Rb7
Rxb7 33.Bxb7 Bc5 34.Rc2 Rxg3+ 35.Kh2 Rb3 36.Ba6 Bd4 37.Bxc4 Bxe5+ 38.Kg2 Rb7 39.b3
Bd4 40.Ra2 h5 41.Rd2 e5 42.Re2 f5 43.f3 Kf6 44.Ra2 g4 45.hxg4 hxg4 46.fxg4 fxg4 47.Ra8
Kg5 48.Kg3 Rg7 49.Rg8 Rxg8 50.Bxg8 e4 51.Bc4 Be5+ 52.Kf2 Kf4 53.Be2 g3+ 54.Kf1 Bd6
55.Bh5 Ke3 56.Bg4 Kd2 57.Bh5 e3 58.Bg4 g2+ 59.Kxg2 e2 60.Bxe2 Kxe2 1/2-1/2

[Event "1. Bundesliga 2017/2018"]
[Site "Grieskirchen"]
[Date "2018.01.19"]
[Round "6"]
[Board "1"]
[White "Repka, Christopher"]
[Black "Lenic, Luka"]
[Result "1/2-1/2"]
[WhiteElo "2521"]
[BlackElo "2653"]
[PlyCount "117"]
[EventDate "2017.11.16"]
[EventType "team"]
[EventRounds "11"]
[EventCountry "AUT"]
[WhiteTeam "ASVOE Pamhagen"]
[BlackTeam "SV Raika Rapid Feffernitz"]

1.Nf3 e6 2.g3 b5 3.Bg2 Bb7 4.O-O c5 5.d3 d6 6.c4 bxc4 7.dxc4 Nf6 8.Qb3 Qc7 9.Nc3 a6
10.Bf4 Be7 11.Rfe1 O-O 12.Rad1 Nc6 13.Na4 Na5 14.Qc2 Be4 15.Qc1 Rfd8 16.b3 Bb7 17.Nc3
Nc6 18.Na4 Nh5 19.Bd2 Rac8 20.Ng5 Nf6 21.Bc3 h6 22.Ne4 Ne8 23.Bd2 Ne5 24.Bc3 Nc6 25.h3
Nb4 26.Qb2 Ba8 27.Nd2 Bxg2 28.Kxg2 Qb7+ 29.Nf3 d5 30.cxd5 exd5 31.Bxb4 Qxb4 32.Qe5
Qb7 33.Qf5 Nf6 34.Rc1 Ne4 35.Ne5 Bd6 36.f3 Ng5 37.Ng4 Qb8 38.Red1 Re8 39.e3 d4 40.exd4
Bxg3 41.Rxc5 Rcd8 42.Nc3 Ne6 43.Ne5 Bxe5 44.Rxe5 Rxd4 45.Rxd4 Nxd4 46.Rxe8+ Qxe8 47.Qd3
Qe5 48.Qxa6 Qg5+ 49.Kf2 Qh4+ 50.Kg2 Qg5+ 51.Kf2 Nf5 52.Qa8+ Kh7 53.Qe4 g6 54.Ne2 Qd8
55.Qc4 Qb6+ 56.Ke1 Kg8 57.Qc8+ Kh7 58.Qc4 Kg8 59.Qc8+ 1/2-1/2

[Event "1. Bundesliga 2017/2018"]
[Site "Grieskirchen"]
[Date "2018.01.19"]
[Round "6"]
[Board "2"]
[White "Skoberne, Jure"]
[Black "Rubil, Marko"]
[Result "1-0"]
[WhiteElo "2569"]
[BlackElo "2231"]
[PlyCount "87"]
[EventDate "2017.11.16"]
[EventType "team"]
[EventRounds "11"]
[EventCountry "AUT"]
[WhiteTeam "SV Raika Rapid Feffernitz"]
[BlackTeam "ASVOE Pamhagen"]

1.d4 f5 2.g3 Nf6 3.Bg2 g6 4.Nh3 Bg7 5.c3 e6 6.Nf4 Qe7 7.h4 d6 8.h5 g5 9.h6 Bf8 10.Nh3
g4 11.Nf4 c6 12.b3 Na6 13.Ba3 Qf7 14.Nd3 Bd7 15.Nd2 O-O-O 16.e4 fxe4 17.Nxe4 Nxe4
18.Bxe4 e5 19.O-O exd4 20.cxd4 d5 21.Ne5 Qh5 22.Bxf8 Rdxf8 23.Bg2 Rhg8 24.b4 Nc7 25.a4
Rf6 26.Re1 Bf5 27.b5 Rxh6 28.bxc6 bxc6 29.Rc1 Bd7 30.Qb3 Rf8 31.Re2 Bf5 32.Rb2 Qh2+
33.Kf1 Kd8 34.Qb8+ Bc8 35.Nxc6+ Kd7 36.Ne5+ Ke6 37.Rc6+ Kf5 38.Qxc7 Ba6+ 39.Rxa6 Rxa6
40.Qd7+ Re6 41.Bxd5 Rff6 42.Bxe6+ Rxe6 43.Qf7+ Rf6 44.Qxf6+ 1-0

[Event "1. Bundesliga 2017/2018"]
[Site "Grieskirchen"]
[Date "2018.01.19"]
[Round "6"]
[Board "3"]
[White "Horvath, Dominik"]
[Black "Diermair, Andreas"]
[Result "1-0"]
[WhiteElo "2383"]
[BlackElo "2514"]
[PlyCount "77"]
[EventDate "2017.11.16"]
[EventType "team"]
[EventRounds "11"]
[EventCountry "AUT"]
[WhiteTeam "ASVOE Pamhagen"]
[BlackTeam "SV Raika Rapid Feffernitz"]

1.c4 e5 2.g3 Nc6 3.Bg2 f5 4.Nc3 Nf6 5.Nf3 Bb4 6.Nd5 a5 7.a3 Be7 8.d4 d6 9.O-O O-O
10.Rb1 a4 11.Nc3 Qe8 12.dxe5 dxe5 13.Nxa4 e4 14.Nd2 Ne5 15.Nc3 e3 16.Nf3 exf2+ 17.Kh1
Neg4 18.Nd5 Ne4 19.Bf4 c6 20.Nxe7+ Qxe7 21.Nd2 Rd8 22.Qc1 Nxd2 23.Bxd2 Qxe2 24.Bf4
Qe8 25.h3 Qh5 26.Bg5 Re8 27.Bf4 Be6 28.b3 Rad8 29.Qc3 c5 30.Qf3 Bf7 31.Rbd1 Rxd1 32.Qxd1
g5 33.Bc1 Be6 34.Qd2 h6 35.Bb2 Re7 36.Qc3 Rh7 37.Rd1 Kf7 38.Rd8 f4 39.Qd3 1-0

[Event "1. Bundesliga 2017/2018"]
[Site "Grieskirchen"]
[Date "2018.01.19"]
[Round "6"]
[Board "4"]
[White "Schreiner, Peter"]
[Black "Vitouch, Anatol"]
[Result "1-0"]
[WhiteElo "2465"]
[BlackElo "2318"]
[PlyCount "121"]
[EventDate "2017.11.16"]
[EventType "team"]
[EventRounds "11"]
[EventCountry "AUT"]
[WhiteTeam "SV Raika Rapid Feffernitz"]
[BlackTeam "ASVOE Pamhagen"]

1.d4 e6 2.c4 f5 3.g3 Nf6 4.Bg2 g6 5.Nc3 Bg7 6.Bg5 h6 7.Bd2 O-O 8.Nf3 d6 9.Qc2 Nc6
10.d5 Nb4 11.Qb3 Na6 12.dxe6 Nc5 13.Qc2 Bxe6 14.O-O Bxc4 15.b4 Ncd7 16.Nh4 Bf7 17.Rad1
Rb8 18.e4 fxe4 19.Nxe4 Nd5 20.f4 N7f6 21.Nxg6 Bxg6 22.Nxf6+ Qxf6 23.Bxd5+ Kh8 24.Qb3
c6 25.Bf3 Bf7 26.Qa3 Rfe8 27.Be3 Qe6 28.Bd4 Bxd4+ 29.Rxd4 d5 30.Qb2 Qf6 31.g4 Re3
32.Rd2 Qxb2 33.Rxb2 d4 34.Kf2 Rd8 35.Rd1 Ra3 36.Rbd2 Rxa2 37.Rxa2 Bxa2 38.Ra1 Bb3
39.Rxa7 d3 40.Ra1 d2 41.Bd1 Bxd1 42.Rxd1 Rd4 43.Ke3 Rxb4 44.Rxd2 Kg7 45.Rd7+ Kf6 46.Rd6+
Kg7 47.h4 c5 48.g5 h5 49.f5 Rxh4 50.Rd7+ Kg8 51.Rxb7 Rg4 52.g6 c4 53.Kf3 c3 54.Rc7
c2 55.Rxc2 Kg7 56.Rg2 Rb4 57.f6+ Kg8 58.Rc2 Rb8 59.Rc7 Rf8 60.Rg7+ Kh8 61.Rh7+ 1-0

[Event "1. Bundesliga 2017/2018"]
[Site "Grieskirchen"]
[Date "2018.01.19"]
[Round "6"]
[Board "5"]
[White "Kuthan, Andreas"]
[Black "Sebenik, Matej"]
[Result "0-1"]
[WhiteElo "2194"]
[BlackElo "2562"]
[PlyCount "102"]
[EventDate "2017.11.16"]
[EventType "team"]
[EventRounds "11"]
[EventCountry "AUT"]
[WhiteTeam "ASVOE Pamhagen"]
[BlackTeam "SV Raika Rapid Feffernitz"]

1.e4 e6 2.d4 d5 3.Nd2 c5 4.exd5 Qxd5 5.Ngf3 cxd4 6.Bc4 Qd6 7.O-O Nf6 8.Nb3 Nc6 9.Nbxd4
Nxd4 10.Nxd4 a6 11.Re1 Qc7 12.Bb3 Bd6 13.Nf5 Bxh2+ 14.Kh1 O-O 15.Nxg7 Rd8 16.Qf3 Kxg7
17.Bh6+ Kg6 18.c3 Nh5 19.Bc1 Bf4 20.g4 Ng3+ 21.fxg3 Bxc1 22.Raxc1 Bd7 23.Bc2+ Kg7
24.Be4 Bc6 25.Bxc6 Qxc6 26.Qxc6 bxc6 27.Rcd1 Rd5 28.c4 Ra5 29.a3 Rb8 30.Re2 Rg5 31.Rd4
c5 32.Rf4 a5 33.Rd2 Rb7 34.Re4 Kg6 35.Kg2 Rb3 36.Rf4 Re5 37.Rdf2 Rb7 38.Rf6+ Kg7 39.R6f4
Re3 40.R4f3 Reb3 41.Rf4 h6 42.Rf6 Rd3 43.Kh3 a4 44.Kh4 Rd4 45.R6f4 Rbd7 46.g5 Rxf4+
47.Rxf4 hxg5+ 48.Kxg5 Rd2 49.b4 axb3 50.Rf3 b2 51.Rb3 Rd3 0-1